000 01085cam a2200313 i 4500
001 57363
003 CO-BoRNBP
005 20250620162734.0
007 ta
008 160531s2015 ck a gr 000 fdspa d
020 _a9789585895294
040 _aCO-BoRNBP
_bspa
_erda
_cCO-BoRNBP
084 _aC CAR1
100 1 _aCarvajal, Lizardo
_d1979-
_eautor
_960432
245 1 0 _aMalaïka la princesa
_cLizardo Carvajal
250 _aPrimera edición
264 1 _aBogotá
_bLuaBooks
_c2015
300 _a98 páginas
_bilustraciones a color
_c20 cm.
336 _2rdacontent
_atexto
_btxt
337 _2rdamedia
_asin mediación
_bn
338 _2rdacarrier
_avolumen
_bnc
500 _a"Una de las formas más sutiles y bellas de hablar el tema de la muerte con los niños"--Cubierta
504 _aContiene datos biográficos del autor
586 _aChildren's audience award Latin American Film Festival, Toronto, 2015
650 0 7 _aLibros ilustrados para niños
_2LEMB
_92001
650 0 7 _aCuentos infantiles
_2LEMB
650 0 7 _aLiteratura infantil
_2LEMB
_92746
942 _2loc
_cBKLIT
999 _c57363
_d57363